000
00192 a2200097 4500
001
27900
100
_a
Dobson
245
_a
Black September
260
_a
_b
Macmillan
_c
090
_c
18637
_d
18637
942
_a
NUST-CAE
_c
M
_c
9599
999
_c
262973
_d
262973